00428nam a2200121Ia 4500008004100000020001800041100002000059245008300079260003500162650001200197650004800209856004900257171212s9999 xx 000 0 und d a9780801484353 aWarburg, Aby M. cWarburg, Aby M.aImages from the Region of the Pueblo Indians of North America bCornell University Pressc1995 aHistory aPueblo Indians -- Religion; Serpent worship uhttp://jstor.org/stable/10.7591/j.ctt1g69xgc